书目信息 |
| 题名: |
全国大学生数学竞赛辅导指南
|
|
| 作者: | 张天德 编著 | |
| 分册: | ||
| 出版信息: | 北京 清华大学出版社 2017.06 |
|
| 页数: | 323页 | |
| 开本: | 26cm | |
| 丛书名: | ||
| 单 册: | ||
| 中图分类: | O13 | |
| 科图分类: | ||
| 主题词: | 高等数学--gao deng shu xue--竞赛--高等学校--教学参考资料 | |
| 电子资源: | ||
| ISBN: | 978-7-302-47336-7 | |
| 000 | 00903nam0 2200241 450 | |
| 001 | 2030331106 | |
| 005 | 20201122090646.10 | |
| 010 | @a978-7-302-47336-7@dCNY46.00 | |
| 100 | @a20171018e20192017em y0chiy50 ea | |
| 101 | 0 | @achi |
| 102 | @aCN@b110000 | |
| 105 | @ay z 000yy | |
| 106 | @ar | |
| 200 | 1 | @a全国大学生数学竞赛辅导指南@9quan guo da xue sheng shu xue jing sai fu dao zhi nan@f张天德[等]编著 |
| 205 | @a2版 | |
| 210 | @a北京@c清华大学出版社@d2017.06@h2019.04 | |
| 215 | @a323页@d26cm | |
| 330 | @a本书共分为3部分。第1部分的内容是八届预赛试题及答案;第2部分为考点直击,针对考试大纲对每个专题进行考点直击,包括考点综述、解题方法点拨和竞赛例题;第3部分为八届决赛试题。 | |
| 606 | 0 | @a高等数学@9gao deng shu xue@x竞赛@x高等学校@j教学参考资料 |
| 690 | @aO13@v5 | |
| 701 | 0 | @a张天德@9zhang tian de@f(1962-)@4编著 |
| 801 | 0 | @aCN@bBJSZM@c20201120 |
| 905 | @b1242999-3002@dO13@e1014=2@f4 | |
| 全国大学生数学竞赛辅导指南/张天德[等]编著.-2版.-北京:清华大学出版社,2017.06(2019.04) |
| 323页;26cm |
| ISBN 978-7-302-47336-7:CNY46.00 |
| 本书共分为3部分。第1部分的内容是八届预赛试题及答案;第2部分为考点直击,针对考试大纲对每个专题进行考点直击,包括考点综述、解题方法点拨和竞赛例题;第3部分为八届决赛试题。 |
| ● |
| 相关链接 |
|
|
|
|
正题名:全国大学生数学竞赛辅导指南
索取号:O13/1014=2
 
预约/预借
| 序号 | 登录号 | 条形码 | 馆藏地/架位号 | 状态 | 备注 |
| 1 | 1242999 | 212429996 | 第二样本阅览室/ [索取号:O13/1014=2] | 在馆 | |
| 2 | 1243000 | 212430001 | 第三借阅区/ [索取号:O13/1014=2] | 在馆 | |
| 3 | 1243001 | 212430010 | 第三借阅区/ [索取号:O13/1014=2] | 在馆 | |
| 4 | 1243002 | 212430029 | 第三借阅区/ [索取号:O13/1014=2] | 在馆 |